000 00430nam a2200157 i 4500
001 135002
003 ES-MaACL
005 20230906194803.0
007 t|
008 070705s1957 fr ||||1| fre d
100 1 _aTillion, Germaine.
_9110270
245 1 0 _aL'Algerie en 1957 /
_cGermaine Tillion.
260 _aParis :
_bLes Editions de Minuit,
_c[1957]
300 _a121 p. ;
_c18 cm.
852 _aES-MaACL
_jC-13923
_bR.41256
999 _c135002
_d135002